The legal environment of the multinational enterprise. / (Record no. 8239)

MARC details
000 -LEADER
fixed length control field 01505nam a22002417a 4500
003 - CONTROL NUMBER IDENTIFIER
control field OSt
005 - DATE AND TIME OF LATEST TRANSACTION
control field 20211210120507.0
008 - FIXED-LENGTH DATA ELEMENTS--GENERAL INFORMATION
fixed length control field 120530t xxu||||| |||| 00| 0 eng d
040 ## - CATALOGING SOURCE
Transcribing agency LC
050 ## - LIBRARY OF CONGRESS CALL NUMBER
Classification number KF1600.P65
100 ## - MAIN ENTRY--PERSONAL NAME
Fuller form of name Pinkham, Brian
245 ## - TITLE STATEMENT
Title The legal environment of the multinational enterprise. /
Statement of responsibility, etc. Brian Pinkham
246 ## - VARYING FORM OF TITLE
Title proper/short title BUS 4575 - October 2013
260 ## - PUBLICATION, DISTRIBUTION, ETC.
Place of publication, distribution, etc. London, Ontario:
Name of publisher, distributor, etc. Ivey Business School,
Date of publication, distribution, etc. 2013.
300 ## - PHYSICAL DESCRIPTION
Extent [various pagings].:
Other physical details ill.;
490 ## - SERIES STATEMENT
Series statement Business case studies
500 ## - GENERAL NOTE
General note Includes index.
505 ## - FORMATTED CONTENTS NOTE
Formatted contents note Contents: Business cases: Amway in China (B): adapting to a changing environment -- Amway in China (A): a new business model -- Fishy issues: the U.S. shrimp antidumping case -- Mattel and the toy recalls (A) -- Mattel and the toy recalls (B) -- Power play (A): Nintendo in 8-bit video games -- Legal cases and articles: Getting to know multinational enterprises -- FRIGALIMENT IMPORTING CO., Ltd., Plantiff,v. B.N.S. INTERNATIONAL SALES CORP., Defendant -- Mitsubishi motors corporation, Plaintiff, Appellee, v. Soler Chrysler-Plymouth, Inc., Defendant, Appellant -- Convention on the recognition and enforcement of foreign arbitral awards -- Institutions -- Reflections: the past and future of research on institutions and institutional change -- Economic instruments - charges and taxes: Sulphur tax (Sweden) --
650 ## - SUBJECT ADDED ENTRY--TOPICAL TERM
Topical term or geographic name entry element Accounting.
653 ## - INDEX TERM--UNCONTROLLED
Uncontrolled term Industrial laws and legislation
710 ## - ADDED ENTRY--CORPORATE NAME
Subordinate unit Ivey Business School
942 ## - ADDED ENTRY ELEMENTS (KOHA)
Source of classification or shelving scheme Library of Congress Classification
Koha item type Books
Holdings
Withdrawn status Lost status Source of classification or shelving scheme Damaged status Not for loan Home library Current library Shelving location Date acquired Serial Enumeration / chronology Full call number Barcode Date last seen Price effective from Koha item type Public note
    Library of Congress Classification     WISCONSIN INTERNATIONAL UNIVERSITY COLLEGE, GHANA KUMASI LIBRARY WISCONSIN INTERNATIONAL UNIVERSITY COLLEGE, GHANA KUMASI LIBRARY General Stacks 11/11/2019 LEG/Pin KF1600.P65 K/1683/1683/19 09/12/2021 09/12/2021 Books Part of the Ivey Collection. Shelved alphabetically by title

If you have any concerns or questions; kindly contact the library


© Powered by WIUC ICT DIRECTORATE